Hitlers Machtergreifung und der deutsche Katholizismus : Versuch einer Bilanz. Festvortrag gehalten anlässlich der feierl. Eröffnung des Rektoratsjahres 1963/64 /

Hlavní autor: Repgen, Konrad
Jazyk: Němčina
Vydáno: Saarbrücken : Universität des Saarlandes, 1967
Edice: Saarbrücker Universitätsreden
Témata:
Fyzický popis: 34 s.
Knihy
Uloženo v:
LEADER 01353nam a22003732a 4500
001 001626073
003 CZ BrMZK
005 20180612070512.0
007 ta
008 180425s1967 gw er|||||||||||ger d
040 |a BOA001  |b cze  |e aacr2 
043 |a e-gx--- 
045 |a x3x4 
072 7 |a 322  |x Politika a náboženství. Vztahy mezi církví a státem  |2 Konspekt  |9 15 
080 |a 329.17  |2 MRF 
080 |a 272  |2 MRF 
080 |a 322  |2 MRF 
080 |a (430)  |2 MRF 
080 |a (042.3)  |2 MRF 
100 1 |a Repgen, Konrad  |4 aut 
245 1 0 |a Hitlers Machtergreifung und der deutsche Katholizismus : Versuch einer Bilanz. Festvortrag gehalten anlässlich der feierl. Eröffnung des Rektoratsjahres 1963/64 /  |c Konrad Repgen 
260 |a Saarbrücken :  |b Universität des Saarlandes,  |c 1967 
300 |a 34 s. 
490 1 |a Saarbrücker Universitätsreden ;  |v 6 
648 7 |a 1933-1945  |7 ch500562  |2 czenas 
650 0 7 |a nacismus  |7 ph115411  |2 czenas 
650 0 7 |a katolicismus  |7 ph121523  |z Německo  |y 1933-1945  |2 czenas 
650 0 7 |a stát a církev  |7 ph116308  |z Německo  |y 1933-1945  |2 czenas 
655 7 |a přednášky  |7 fd133199  |2 czenas 
830 0 |a Saarbrücker Universitätsreden 
910 |a BOA001  |b X-0586.393 
990 |a BK 
991 |b 201804 
996 7 |b 2618931628  |c X-0586.393  |l MZK  |r Sklad / do 24 hodin  |n 0  |w 001661863  |u 000010  |a 1  |e BOA001  |j MZK50  |s A